Statistiques concernant Quel est ce Pokémon ? par image #8

Cliquez ici pour prendre le quiz!

Statistiques générales

  • Ce quiz a été pris 28 fois
  • Le résultat moyen est 9 sur 16

Statistiques - réponses

Réponse% Correct
Grotadmorv
96%
Kraknoix
82%
Félinferno
79%
Aflamanoir
75%
Lunala
71%
Feunnec
68%
Blindépique
64%
Terracool
57%
Crabaraque
54%
Croquine
46%
Mamanbo
46%
Sidérella
46%
Rugit-Lune
43%
Goupilou
39%
Galvagla
36%
Théffroyable
32%

Distribution des résultats

Percentile par nombre de réponses

% des personnes avec chaque résultat

Votre développement - résultats

Vous n’avez pas pris ce quiz